Library of the University of Algiers 3
Ibrahim Sultan Cheibout
شعار جامعة الجزائر 3
مكتبة جامعة الجزائر 3
إبراهيم سلطان شيبوط

المشكلات الاقتصادية والسياسية : (رقم التسجيلة. 44243)

تفاصيل مارك
000 -LEADER
fixed length control field 01175nam a2200241Ia 4500
003 - CONTROL NUMBER IDENTIFIER
control field Ost
005 - DATE AND TIME OF LATEST TRANSACTION
control field 20260507075357.0
008 - FIXED-LENGTH DATA ELEMENTS--GENERAL INFORMATION
fixed length control field 260507s9999||||xx |||||||||||||| ||und||
020 ## - INTERNATIONAL STANDARD BOOK NUMBER
International Standard Book Number 978977350369
040 ## - CATALOGING SOURCE
Transcribing agency fsecg
041 ## - LANGUAGE CODE
Language code of text/sound track or separate title ara
082 ## - DEWEY DECIMAL CLASSIFICATION NUMBER
Classification number 330
100 ## - MAIN ENTRY--PERSONAL NAME
Personal name أحمد، سيد عاشور
Relator term مؤلف
245 #0 - TITLE STATEMENT
Title المشكلات الاقتصادية والسياسية :
Remainder of title افريقيا واقتسام المياه بين دول حوض نهر النيل(الاتفاقيات-المفاوضات-المعاهدات) /
Statement of responsibility, etc. سيد عاشور أحمد
260 ## - PUBLICATION, DISTRIBUTION, ETC.
Place of publication, distribution, etc. القاهرة:
Name of publisher, distributor, etc. دار الكتاب الحديث,
Date of publication, distribution, etc. 2011
300 ## - PHYSICAL DESCRIPTION
Extent 278 صفحة؛
Other physical details غلاف ملون ومصور، صور
Dimensions 25 سم
504 ## - BIBLIOGRAPHY, ETC. NOTE
Bibliography, etc. note المصادر ص.247 ملحق الصور ص.279
520 ## - SUMMARY, ETC.
Summary, etc. القضايا البيئية للنيل-التشريعات والقوانين المحلية والدولية-نزاع تقسيم مياه النيل-التنمية المستدامة لنهر النيل
653 ## - INDEX TERM--UNCONTROLLED
Uncontrolled term التنمية المستدامة
653 ## - INDEX TERM--UNCONTROLLED
Uncontrolled term القوانين والتشريعات
653 ## - INDEX TERM--UNCONTROLLED
Uncontrolled term المشكلات الإقتصادية
942 ## - ADDED ENTRY ELEMENTS (KOHA)
Koha item type كتب
المقتنيات
Withdrawn status Lost status Source of classification or shelving scheme Damaged status Not for loan Home library Current library Date acquired Serial enumeration / chronology Inventory number Total checkouts Full call number Barcode Date last seen Price effective from Koha item type
    Dewey Decimal Classification   NOT LOAN / إعارة داخلية مكتبة كلية العلوم الإقتصادية والعلوم التجارية وعلوم التسيير مكتبة كلية العلوم الإقتصادية والعلوم التجارية وعلوم التسيير 07/05/2026 الطابق الأرضي 25436   أ/4301ن1 25436 07/05/2026 07/05/2026 كتب
    Dewey Decimal Classification   Available مكتبة كلية العلوم الإقتصادية والعلوم التجارية وعلوم التسيير مكتبة كلية العلوم الإقتصادية والعلوم التجارية وعلوم التسيير 07/05/2026 الطابق الأرضي 25437   أ/4301ن2 25437 07/05/2026 07/05/2026 كتب
    Dewey Decimal Classification   Available مكتبة كلية العلوم الإقتصادية والعلوم التجارية وعلوم التسيير مكتبة كلية العلوم الإقتصادية والعلوم التجارية وعلوم التسيير 07/05/2026 الطابق الثاني 25438   أ/4301ن3 25438 07/05/2026 07/05/2026 كتب

موارد الويب المفتوحة


© University of Algiers 3 All Rights Reserved
|
Implemented by LECHELAH Riad